000 00605nam a2200217Ia 4500
005 20241129120205.0
008 241129s9999||||xx |||||||||||||| ||und||
020 _a9788178245300
037 _aTB
040 _aSDCL
_beng
_cSDCL
041 _aeng
_2eng
084 _aV:(G:55).2'P, Q8
_qSDCL
100 _aSingh Chetan
_9305140
245 0 _aHimalayan Histories: Economy, Polity, Religious Traditions
260 _aNew Delhi
_bPermanent Black
_c2018
300 _axi,303p.
365 _aINR
_b895
650 _aReference
942 _cTB
_hV:(G:55).2'P, Q8
999 _c1233731
_d1233731